Xarxa de Mercats Municipals : qui som qui som
Publicado:
Barcelona :
Diputació de Barcelona. Àrea de Promoció Econòmica i Ocupació. Delegació de Comerç. Xarxa de Mercats Municipals ,
2006
Descripción Física:
9 p. : fot. col. ; 24 cm
Materias:
Mercats -- Barcelona (Província)
MARC
| LEADER | 00000nam a2200000Ia 4500 | ||
|---|---|---|---|
| 001 | 22060 | ||
| 008 | 160829s2006 xx 000 0 cat d | ||
| 080 | |a FU-47-68 | ||
| 245 | |a Xarxa de Mercats Municipals : |b qui som | ||
| 260 | |a Barcelona : |b Diputació de Barcelona. Àrea de Promoció Econòmica i Ocupació. Delegació de Comerç. Xarxa de Mercats Municipals, |c 2006 | ||
| 300 | |a 9 p. : |b fot. col. ; |c 24 cm | ||
| 590 | |a S'ha utilitzat el fons de l'Arxiu General de la Diputació de Barcelona | ||
| 650 | 0 | |a Mercats |x Barcelona (Província) |9 39474 | |
| 710 | 1 | |a Barcelona (Catalunya : Província). |b Xarxa de Mercats Municipals |9 55055 | |
| 901 | |a Arxiu | ||
| 942 | |n 1 | ||
| 952 | |0 0 |1 0 |4 0 |6 FU4768 |7 1 |9 49028 |a Arxiu |b Arxiu |d 2016-12-01 |l 0 |o FU-47-68 |p 22060 |r 2016-12-01 00:00:00 |w 2016-12-01 |y ARXIU | ||
| 999 | |c 52864 |d 52864 | ||